Food wastage footprint : (Record no. 20909)
[ view plain ]
| 000 -LEADER | |
|---|---|
| fixed length control field | 00487cam a22001697i 4500 |
| 020 ## - INTERNATIONAL STANDARD BOOK NUMBER | |
| ISBN | 9251077525 |
| 020 ## - INTERNATIONAL STANDARD BOOK NUMBER | |
| ISBN | 9789251077528 |
| 040 ## - CATALOGING SOURCE | |
| Transcribing agency | YDXCP |
| 082 ## - DEWEY DECIMAL CLASSIFICATION NUMBER | |
| Classification number | 333 FWF 2013 C111 Or. |
| 245 00 - TITLE STATEMENT | |
| Title | Food wastage footprint : |
| Remainder of title | impacts on natural resources : summary report. |
| 300 ## - PHYSICAL DESCRIPTION | |
| Number of Pages | 61 pages : |
| Other physical details | color illustrations ; |
| Dimensions | 22 x 22 cm |
| 650 #0 - SUBJECT ADDED ENTRY--TOPICAL TERM | |
| Topical Term | Food supply. |
| 650 #0 - SUBJECT ADDED ENTRY--TOPICAL TERM | |
| Topical Term | Food industry and trade. |
| 650 #0 - SUBJECT ADDED ENTRY--TOPICAL TERM | |
| Topical Term | Waste (Economics) |
| 650 #0 - SUBJECT ADDED ENTRY--TOPICAL TERM | |
| Topical Term | Salvage (Waste, etc.) |
| 942 ## - ADDED ENTRY ELEMENTS (KOHA) | |
| Koha item type | ADB |
| 952 ## - LOCATION AND ITEM INFORMATION (KOHA) | |
| Withdrawn status [LOCAL, KOHA] | 0 |
| Permanent Location | Date acquired | Koha item type | Lost status | Shelving location | Barcode | Current Location | Full call number |
|---|---|---|---|---|---|---|---|
| Library Block C | 2023-01-13 | ADB | C111 | a071212 | Library Block C | 333 FWF 2013 C111 Or. |